000 00574nam a2200181 4500
001 114272
003 ES-MaACL
005 20250930063115.0
007 t|
008 061121s1999 sp r ||||1| spa d
100 0 _aOrtiz, Fernando,
_d1881-1969
_987554
245 1 0 _aContrapunteo cubano del tabaco y el azúcar /
_cFernando Ortiz ; introducción de Bronislaw Malinowski.
260 _aBarcelona :
_bAriel,
_c1973.
300 _a377 p. ;
_c18 cm.
700 1 _aMalinowski, Bronislaw.
_975781
852 _aES-MaACL
_jC-55756
_bR.88209
999 _c114272
_d114272